Geometry revealed (Record no. 2533)

MARC details
000 -LEADER
fixed length control field 00535 a2200169 4500
001 - CONTROL NUMBER
control field 068917
003 - CONTROL NUMBER IDENTIFIER
control field OSt
005 - DATE AND TIME OF LATEST TRANSACTION
control field 20220329135849.0
008 - FIXED-LENGTH DATA ELEMENTS--GENERAL INFORMATION
fixed length control field
082 ## - DEWEY DECIMAL CLASSIFICATION NUMBER
Classification number 516.36
Item number B45G
100 1# - MAIN ENTRY--PERSONAL NAME
Personal name Berger, Marcel
245 1# - TITLE STATEMENT
Title Geometry revealed
Statement of responsibility, etc by Marcel Berger
260 ## - PUBLICATION, DISTRIBUTION, ETC. (IMPRINT)
Place of publication, distribution, etc New York
Name of publisher, distributor, etc Spinger
Date of publication, distribution, etc 2010
300 ## - PHYSICAL DESCRIPTION
Extent 831p.
653 ## - INDEX TERM--UNCONTROLLED
Uncontrolled term Geometry, Differential; Geometry; Mathematics; Combinatorial analysis; Differentiable dynamical systems; Discrete groups; Global differential geometry
942 ## - ADDED ENTRY ELEMENTS (KOHA)
Source of classification or shelving scheme Dewey Decimal Classification
Koha item type Books
Holdings
Withdrawn status Lost status Source of classification or shelving scheme Damaged status Not for loan Collection code Home library Current library Date acquired Source of acquisition Cost, normal purchase price Total Checkouts Full call number Barcode Date last seen Price effective from Koha item type
    Dewey Decimal Classification     General Text Book Central University Of Rajasthan Central University Of Rajasthan 07/03/2012 MTH 3784.64   516.36 B45G 3204 21/11/2024 02/09/2020 Books